<?xml version="1.0" encoding="UTF-8"?>
<record
    xmlns:xsi="http://www.w3.org/2001/XMLSchema-instance"
    xsi:schemaLocation="http://www.loc.gov/MARC21/slim http://www.loc.gov/standards/marcxml/schema/MARC21slim.xsd"
    xmlns="http://www.loc.gov/MARC21/slim">

  <leader>00880nam a22002177a 4500</leader>
  <controlfield tag="005">20230831114950.0</controlfield>
  <datafield tag="010" ind1=" " ind2=" ">
    <subfield code="a">HIN-125730</subfield>
  </datafield>
  <datafield tag="020" ind1=" " ind2=" ">
    <subfield code="c">250.00</subfield>
  </datafield>
  <datafield tag="035" ind1=" " ind2=" ">
    <subfield code="a">HN-98076</subfield>
  </datafield>
  <datafield tag="037" ind1=" " ind2=" ">
    <subfield code="b">DBAD/PUB</subfield>
  </datafield>
  <datafield tag="082" ind1=" " ind2=" ">
    <subfield code="a">821</subfield>
  </datafield>
  <datafield tag="100" ind1=" " ind2=" ">
    <subfield code="a">&#x915;&#x941;&#x92E;&#x94D;&#x92D;&#x91C;, &#x930;&#x93E;&#x91C;&#x915;&#x941;&#x92E;&#x93E;&#x930; </subfield>
    <subfield code="9">55662</subfield>
  </datafield>
  <datafield tag="245" ind1=" " ind2=" ">
    <subfield code="a">&#x905;&#x917;&#x930; &#x92F;&#x941;&#x926;&#x94D;&#x927; &#x91C;&#x948;&#x938;&#x93E; &#x92F;&#x941;&#x926;&#x94D;&#x927; &#x939;&#x94B;&#x924;&#x93E; /</subfield>
    <subfield code="c"> &#x930;&#x93E;&#x91C;&#x915;&#x941;&#x92E;&#x93E;&#x930; &#x915;&#x941;&#x92E;&#x94D;&#x92D;&#x91C;</subfield>
  </datafield>
  <datafield tag="260" ind1=" " ind2=" ">
    <subfield code="b">&#x936;&#x93F;&#x932;&#x93E;&#x932;&#x947;&#x916; &#x92A;&#x92C;&#x94D;&#x932;&#x93F;&#x936;&#x930;&#x94D;&#x938; </subfield>
    <subfield code="c">2022 </subfield>
    <subfield code="a">&#x926;&#x93F;&#x932;&#x94D;&#x932;&#x940; </subfield>
  </datafield>
  <datafield tag="270" ind1=" " ind2=" ">
    <subfield code="a">4/32 &#x917;&#x94D;&#x930;&#x93E;&#x909;&#x902;&#x921; &#x92B;&#x94D;&#x932;&#x94B;&#x930; &#x938;&#x941;&#x92D;&#x93E;&#x937; &#x917;&#x932;&#x940; &#x935;&#x93F;&#x936;&#x94D;&#x935;&#x93E;&#x936; &#x928;&#x917;&#x930; &#x936;&#x93E;&#x939;&#x926;&#x930;&#x93E; </subfield>
    <subfield code="b">&#x926;&#x93F;&#x932;&#x94D;&#x932;&#x940; </subfield>
    <subfield code="e">110032</subfield>
  </datafield>
  <datafield tag="300" ind1=" " ind2=" ">
    <subfield code="a">120&#x92A;&#x943;.</subfield>
    <subfield code="c">23 &#x938;&#x947;&#x92E;&#x940;(&#x938;&#x91C;&#x93F;&#x932;&#x94D;&#x926; ) </subfield>
  </datafield>
  <datafield tag="650" ind1=" " ind2=" ">
    <subfield code="x"> </subfield>
    <subfield code="z"> </subfield>
    <subfield code="9">55663</subfield>
  </datafield>
  <datafield tag="650" ind1=" " ind2=" ">
    <subfield code="v"> </subfield>
    <subfield code="9">55664</subfield>
  </datafield>
  <datafield tag="700" ind1=" " ind2=" ">
    <subfield code="9">55533</subfield>
  </datafield>
  <datafield tag="942" ind1=" " ind2=" ">
    <subfield code="2">ddc</subfield>
    <subfield code="c">HN</subfield>
    <subfield code="h">821 </subfield>
    <subfield code="m">&#x915;&#x941;&#x92E;&#x94D;&#x92D;&#x91C;</subfield>
  </datafield>
  <datafield tag="999" ind1=" " ind2=" ">
    <subfield code="c">197706</subfield>
    <subfield code="d">197706</subfield>
  </datafield>
  <datafield tag="952" ind1=" " ind2=" ">
    <subfield code="0">0</subfield>
    <subfield code="1">0</subfield>
    <subfield code="4">0</subfield>
    <subfield code="7">0</subfield>
    <subfield code="8">NFIC</subfield>
    <subfield code="a">CJ</subfield>
    <subfield code="b">CJ</subfield>
    <subfield code="d">2023-08-31</subfield>
    <subfield code="e">DBAD/PUB</subfield>
    <subfield code="g">250.00</subfield>
    <subfield code="l">0</subfield>
    <subfield code="o">821  &#x915;&#x941;&#x92E;&#x94D;&#x92D;&#x91C;</subfield>
    <subfield code="p">HN-98076</subfield>
    <subfield code="r">2023-08-31 00:00:00</subfield>
    <subfield code="t">1</subfield>
    <subfield code="v">250.00</subfield>
    <subfield code="w">2023-08-31</subfield>
    <subfield code="y">HN</subfield>
  </datafield>
</record>
